Sports Quiz

Random Sports Quiz

STADE RENNAIS - Euro U19 - www.rougememoire.com Quiz Stats

 Plays Quiz not verified by Sporcle

Challenge
Share
Tweet
Embed
Score 0/12 Timer 20:00
0 Plays Today
Année Joueur % Correct
2005GOURCUFF
86.1%
2016POHA
80.6%
2016GÉLIN
61.1%
1996SILVESTRE
47.2%
2010DIALLO
30.6%
2005SOW
25%
2000DOROTHÉE
22.2%
1996BIGNÉ
16.7%
2000 PELÉ
16.7%
1996ROY
13.9%
2000DANIC
13.9%
2005N'SIABAMFUMU
11.1%

You're not logged in!

Compare scores with friends on all Sporcle quizzes.
Join for Free
OR
Log In

You Might Also Like...

Show Comments

Extras

Created Jul 25, 2016SourceReportNominate
Tags:1994, 1995, poste, saison

Top Quizzes Today


Score Distribution

Your Account Isn't Verified!

In order to create a playlist on Sporcle, you need to verify the email address you used during registration. Go to your Sporcle Settings to finish the process.

Report this User

Report this user for behavior that violates our Community Guidelines.

Details: